International business : (Record no. 4324)

MARC details
000 -LEADER
fixed length control field 00590 a2200193 4500
010 ## - LCCN (DPL NO)
LC control number ENG-86242
020 ## - INTERNATIONAL STANDARD BOOK NUMBER
International Standard Book Number 978812033096X
Terms of availability 395.00
035 ## - SYSTEM CONTROL NUMBER
System control number EN-69775
037 ## - SOURCE OF ACQUISITION
Source of stock number/acquisition DBAD / PUB
082 14 - DEWEY DECIMAL CLASSIFICATION NUMBER
Classification number 382
100 ## - MAIN ENTRY--PERSONAL NAME
Personal name Cherunilam, Francis
245 1# - TITLE STATEMENT
Title International business :
Statement of responsibility, etc by Francis Cherunilam
Remainder of title text and cases/
250 ## - EDITION STATEMENT
Edition statement 4th ed.
260 ## - PUBLICATION, DISTRIBUTION, ETC. (IMPRINT)
Place of publication, distribution, etc New Delhi
Name of publisher, distributor, etc Prentice-Hall of India
Date of publication, distribution, etc 2007
270 ## - ADDRESS
Address M-97, Connaught Circus
City New Delhi
State or province New Delhi
Postal code 110 001
300 ## - PHYSICAL DESCRIPTION
Extent xxiii, 848p.
Dimensions 23cm. (Pbk)
500 ## - GENERAL NOTE
General note Includes index
942 ## - ADDED ENTRY ELEMENTS (KOHA)
Institution code [OBSOLETE] dpl
Item type English Books
Source of classification or shelving scheme Dewey Decimal Classification
Classification part 382
Call number suffix CHE
Holdings
Withdrawn status Lost status Not for loan Collection code Home library Current library Source of acquisition Cost, normal purchase price Full call number Barcode Copy number Cost, replacement price Koha item type
    Not For Loan Non-fiction D.B.Act.Division D.B.Act.Division DBAD/PUB 395.00 382 CHE EN-69775 1 395.00 English Books

© Delhi Public Library
Hit Counter
free hit counter